000
00294nam a22001337a 4500
003
SGT
082
_a
614.595
_b
H16M
100
_a
MASTER,FAROKH J.
245
_a
HAIR LOSS: EXPLAINED & ANALYSED
260
_a
INDIA
_b
B.JAIN PUB
_c
2016
300
_a
55
650
_a
HOMEOPATHIC
942
_2
ddc
_c
BK
999
_c
20376
_d
20376